[Event "Titled Tuesday intern op 14th April"]
[Site "Chess.com INT"]
[Date "2020.04.14"]
[Round "2"]
[White "Ceres, Dragos"]
[Black "Collins, Martell"]
[Result "1/2-1/2"]
[WhiteElo "2244"]
[BlackElo "2294"]
[PlyCount "147"]
[EventDate "2020.04.14"]
[EventType "swiss (blitz)"]
[EventRounds "10"]
[EventCountry "USA"]
[SourceTitle "EXT 2021"]
[Source "ChessBase"]
[SourceDate "2020.10.23"]
[SourceVersion "1"]
[SourceVersionDate "2020.10.23"]
[SourceQuality "1"]

1. e4 c5 2. Nf3 e6 3. d4 cxd4 4. Nxd4 Nc6 5. Nc3 Qc7 6. Be3 a6 7. a3 Nf6 8. f4 d6 9. Bd3 Be7 10. Qf3 Bd7 11. 0-0 Nxd4 12. Bxd4 e5 13. Be3 exf4 14. Bxf4 Bc6 15. Kh1 0-0 16. Rae1 b5 17. Bg5 Rab8 18. Qg3 Ne8 19. Bf4 Bf6 20. e5 dxe5 21. Bxe5 Bxe5 22. Rxe5 Rb7 23. Rfe1 Nf6 24. Qh4 h6 25. R5e3 Rbb8 26. Rg3 Kh8 27. Rf1 Nh7 28. Qg4 Rg8 29. Qf5 Nf6 30. Rh3 Qd6 31. Ne2 Bd7 32. Qf3 Bxh3 33. Qxh3 Rbe8 34. Ng3 Nh7 35. Qf5 Qg6 36. Qd7 Qe6 37. Qd4 Qe5 38. Qb6 Qe6 39. Qc5 Qe5 40. Qb4 Qe6 41. Nf5 Qf6 42. Nd6 Qe6 43. Nxe8 Rxe8 44. Qf4 f5 45. Bxf5 Qf6 46. Bd3 Qxf4 47. Rxf4 Re1+ 48. Rf1 Rxf1+ 49. Bxf1 Nf6 50. c3 Nd7 51. a4 g5 52. axb5 Kg7 53. bxa6 Kf6 54. a7 Nb6 55. Ba6 Na8 56. Bb7 Nc7 57. a8Q Nxa8 58. Bxa8 Ke5 59. Bf3 Kd6 60. h3 Kc5 61. Kh2 Kc4 62. Kg3 Kb3 63. Kg4 Kxb2 64. Kh5 Kxc3 65. Kxh6 Kd4 66. Kxg5 Ke3 67. h4 Kf2 68. h5 Kg3 69. h6 Kf2 70. h7 Kg3 71. h8Q Kf2 72. Qb2+ Kg3 73. Qc1 Kh2 74. Kf4 1/2-1/2

[Event "Titled Tuesday intern op 7th April"]
[Site "Chess.com INT"]
[Date "2020.04.07"]
[Round "7"]
[White "Spitzl, Vinzent"]
[Black "Collins, Martell"]
[Result "0-1"]
[WhiteElo "2346"]
[BlackElo "2252"]
[PlyCount "68"]
[EventDate "2020.04.07"]
[EventType "swiss (blitz)"]
[EventRounds "10"]
[EventCountry "USA"]
[SourceTitle "EXT 2021"]
[Source "ChessBase"]
[SourceDate "2020.10.23"]
[SourceVersion "1"]
[SourceVersionDate "2020.10.23"]
[SourceQuality "1"]

1. e4 c5 2. Nf3 e6 3. g3 Nc6 4. Bg2 Nf6 5. Qe2 d5 6. exd5 Nxd5 7. 0-0 Be7 8. Nc3 0-0 9. Nxd5 exd5 10. d3 Bf6 11. c3 Bf5 12. Bf4 Re8 13. Qd2 d4 14. cxd4 cxd4 15. Rfe1 Qd7 16. Ng5 Be7 17. Ne4 Bb4 18. Qc2 Bxe1 19. Rxe1 Bg6 20. Rc1 a5 21. Nc5 Qe7 22. Nxb7 Nb4 23. Qc4 Bxd3 24. Qxd4 Rac8 25. Rd1 Ba6 26. Nd6 Rcd8 27. Qb6 Qe2 28. Rf1 Rf8 29. Qxa5 Qxb2 30. Rd1 Be2 31. Re1 Nd3 32. Rxe2 Qxe2 33. Qb6 Nxf4 34. gxf4 Qd1+ 0-1

[Event "Warren Decemb op"]
[Site "Warren"]
[Date "2003.12.13"]
[Round "1"]
[White "Collins, Martell"]
[Black "Burwell, Raymond"]
[Result "0-1"]
[WhiteElo "1395"]
[BlackElo "1675"]
[PlyCount "68"]
[EventDate "2003.12.13"]
[EventType "swiss (rapid)"]
[EventRounds "6"]
[EventCountry "USA"]
[SourceTitle "EXT 2008"]
[Source "ChessBase"]
[SourceDate "2007.11.25"]
[SourceVersion "1"]
[SourceVersionDate "2007.11.25"]
[SourceQuality "1"]

1. d4 d5 2. c4 e6 3. Nc3 Nf6 4. e3 Nbd7 5. c5 c6 6. Bd3 Be7 7. Nf3 Qc7 8. e4 dxe4 9. Nxe4 Nxe4 10. Bxe4 Nf6 11. Bd3 0-0 12. h3 Nd5 13. Qd2 h6 14. b4 Bf6 15. 0-0 e5 16. dxe5 Bxe5 17. Nxe5 Qxe5 18. Bb2 Qh5 19. Be2 Qg6 20. Bd3 Bf5 21. Bxf5 Qxf5 22. Qd4 Qg6 23. a3 Rad8 24. Qc4 Rfe8 25. Rfe1 Qg5 26. g3 Qd2 27. Qc1 Rxe1+ 28. Qxe1 Qxb2 29. Qc1 Qe2 30. Qe1 Qf3 31. a4 Nc3 32. Qe7 Ne2+ 33. Kf1 Nxg3+ 34. Ke1 Qc3# 0-1